Độc chất học công nghiệp và dự phòng nhiễm độc

Nội dung sách bao gồm các khái niệm độc chất học công nghiệp, hôn mê do nhiễm độc hóa chất, sức khoẻ và bụi trong công nghiệp, nhiễm độc do các tác nhân hóa học. Những điều này giúp cho bạn đọc, nhất là cán bộ làm công tác vệ sinh-an toà...

Disgrifiad llawn

Wedi'i Gadw mewn:
Manylion Llyfryddiaeth
Prif Awdur: Hoàng, Văn Bính
Fformat: Llyfr
Iaith:Undetermined
Cyhoeddwyd: Hà Nội Khoa học và Kỹ thuật 2007
Pynciau:
Tagiau: Ychwanegu Tag
Dim Tagiau, Byddwch y cyntaf i dagio'r cofnod hwn!
Thư viện lưu trữ: Trung tâm Học liệu Trường Đại học Cần Thơ
LEADER 01114nam a2200205Ia 4500
001 CTU_161968
008 210402s9999 xx 000 0 und d
020 |c 65000 
082 |a 613.620289 
082 |b B312 
100 |a Hoàng, Văn Bính 
245 0 |a Độc chất học công nghiệp và dự phòng nhiễm độc 
245 0 |c Hoàng Văn Bính 
260 |a Hà Nội 
260 |b Khoa học và Kỹ thuật 
260 |c 2007 
520 |a Nội dung sách bao gồm các khái niệm độc chất học công nghiệp, hôn mê do nhiễm độc hóa chất, sức khoẻ và bụi trong công nghiệp, nhiễm độc do các tác nhân hóa học. Những điều này giúp cho bạn đọc, nhất là cán bộ làm công tác vệ sinh-an toàn lao động tại các cơ sở công nghiệp. 
650 |a Emergency medical services,Occupational medicine,Industrial safety,An toàn trong công nghiệp 
904 |i Trân, Hải 
980 |a Trung tâm Học liệu Trường Đại học Cần Thơ